000 00505nam a22001697a 4500
005 20260114103937.0
008 260114b |||||||| |||| 00| 0 eng d
020 _a9978-93-93330-00-0
100 _aSAXENA, SONAL
245 _aANANTHANARAYAN AND PANIKER'S TEXTBOOK OF MICROBIOLOGY FOR NURSES
250 _a3RD ED
260 _aTELANGANA, INDIA
_bUNIVERSITIES PRESS
_c2022
300 _a322P
500 _aINCLUDES INDEX
650 _aMICROBIOLOGY -TEXTBOOKS 2. NURSING -TEXTBOOKS
942 _2lcc
_cBK
999 _c216456
_d216456